| 000 | 00742nam a2200241 a 4500 | ||
|---|---|---|---|
| 005 | 20260221063948.0 | ||
| 008 | 040305s2002 mx r 000 0 spa d | ||
| 020 | _a8484651185 | ||
| 035 | _aUPN01000132523 | ||
| 049 | _aCG | ||
| 050 | 4 |
_aLB45 _bG6.4 |
|
| 100 | 1 | _aGómez Moreno, Angel | |
| 245 | 1 | 0 |
_aModelos de antropología de la educación / _cAngel Gómez Moreno. |
| 260 |
_aEspaña : _bMira, _c2002. |
||
| 300 | _a102 p. | ||
| 440 | 0 | _aPsicopedagogía | |
| 590 | _a(También localizas un ejemplar en el "Area de Reserva") | ||
| 590 | _aBibliografía Básica (BGTQ) | ||
| 650 | 2 |
_aAntropología educacional _94781 |
|
| 650 | 4 |
_aEducación _xFilosofía _94994 |
|
| 650 | 4 |
_aEducación _xAspectos sociales _95311 |
|
| 905 | _aLibro | ||
| 999 |
_c104677 _d104677 |
||